[Event "ARG-ch Seniors 50"]
[Site "Coronel Pringles"]
[Date "2019.12.14"]
[Round "4.4"]
[White "Tumini, Sergio M"]
[Black "Zito, Alberto"]
[Result "1-0"]
[WhiteElo "2106"]
[BlackElo "1590"]
[PlyCount "97"]
[EventDate "2019.12.13"]
[EventType "swiss"]
[EventRounds "7"]
[EventCountry "ARG"]
[SourceTitle "EXT 2024"]
[Source "ChessBase"]
[SourceDate "2023.10.10"]
[SourceVersion "1"]
[SourceVersionDate "2023.10.10"]
[SourceQuality "1"]

1. d4 c5 2. d5 Nf6 3. Nc3 g6 4. e4 d6 5. f4 Bg7 6. Bb5+ Bd7 7. Be2 h5 8. Nf3 b5 9. e5 dxe5 10. fxe5 Ng4 11. e6 Bxc3+ 12. bxc3 fxe6 13. Qd3 Qb6 14. Qxg6+ Kd8 15. h3 Nf6 16. dxe6 Rg8 17. Qd3 Qxe6 18. Ng5 Qd5 19. Qxd5 Nxd5 20. Bxh5 Nxc3 21. Bf7 Rg7 22. Rf1 Nc6 23. Ne6+ Bxe6 24. Bxe6 Kc7 25. g4 Rd8 26. Bh6 Rg6 27. Bf4+ Kb6 28. Bf5 Rf6 29. Bd2 Ne4 30. Bxe4 Rxf1+ 31. Kxf1 Rxd2 32. g5 Nd4 33. g6 Ne6 34. Re1 Ng7 35. Re2 Rxe2 36. Kxe2 Kc7 37. Ke3 Kd6 38. Kf4 b4 39. Kg5 Ke5 40. Bd3 Ne6+ 41. Kh6 Kf6 42. h4 Ng7 43. h5 e5 44. Be2 e4 45. Kh7 Ne6 46. Bc4 e3 47. Bxe6 e2 48. g7 e1Q 49. g8Q 1-0

[Event "Coronel Pringles U2200 3rd"]
[Site "Coronel Pringles"]
[Date "2018.09.08"]
[Round "4.1"]
[White "Tumini, Sergio M"]
[Black "Sapienza, Julian"]
[Result "1/2-1/2"]
[WhiteElo "2134"]
[BlackElo "2116"]
[PlyCount "124"]
[EventDate "2018.09.07"]
[EventType "swiss"]
[EventRounds "7"]
[EventCountry "ARG"]
[SourceTitle "EXT 2024"]
[Source "ChessBase"]
[SourceDate "2023.10.10"]
[SourceVersion "1"]
[SourceVersionDate "2023.10.10"]
[SourceQuality "1"]

1. Nf3 c5 2. g3 Nc6 3. Bg2 e5 4. d3 h5 5. Nc3 d6 6. Nd5 Nge7 7. Nxe7 Bxe7 8. h4 Bg4 9. c4 Qd7 10. Be3 Bd8 11. a3 Ba5+ 12. Kf1 Ne7 13. Rb1 Nf5 14. Bd2 Bb6 15. Nh2 Nd4 16. Nxg4 hxg4 17. e3 Nc6 18. Bxc6 Qxc6 19. e4 f5 20. Qe2 0-0 21. Kg1 fxe4 22. Qxe4 Qxe4 23. dxe4 Rf3 24. Be3 Raf8 25. Rd1 Bc7 26. h5 Kf7 27. Rh4 Rh8 28. Kg2 Rf6 29. Rdh1 a5 30. Rxg4 a4 31. Rgh4 b5 32. cxb5 Rb8 33. Rc1 Rxb5 34. Rc4 Rxb2 35. Rxa4 Bd8 36. Ra7+ Kg8 37. Rd7 Ba5 38. Rg4 Rf7 39. Rxd6 Be1 40. Rg5 Bxf2 41. Bxf2 Rbxf2+ 42. Kh3 R2f3 43. Rxe5 Rxa3 44. Rxc5 Re3 45. Re6 Kh7 46. Rg5 Re1 47. Kg4 Re3 48. Rf5 Rb7 49. Kf4 Rbb3 50. g4 Re1 51. Re7 Rb4 52. Re6 Kg8 53. Re8+ Kh7 54. g5 Rf1+ 55. Kg3 Rb3+ 56. Kg2 Rxf5 57. exf5 Rb5 58. Rf8 Rb3 59. f6 g6 60. hxg6+ Kxg6 61. Rg8+ Kh7 62. f7 Rg3+ 1/2-1/2